The impact of the schools, Provence 1871-1914

Bibliographic Details
Published in:Literacy and social development in the West, ed. by Harvey J. Graff, Cambridge, 1981, P. 261-270 (Cambridge studies in oral and literate culture)
Main Author: Judt, Tony
Content type: Article
Published: 1981
Source:MPIPL_cat

MARC

LEADER 00000naa a2200000 u 4500
001 PL0051220
003 PLI01000000000000000050970
005 00000000000000.0
008 ||| u
100 1 |a Judt, Tony 
245 0 4 |a The impact of the schools, Provence 1871-1914  |c Tony Judt 
260 |c 1981 
773 0 8 |t Literacy and social development in the West  |a ed. by Harvey J. Graff  |d Cambridge, 1981  |g P. 261-270  |k Cambridge studies in oral and literate culture  |w MPIPL_cat.PL0051207  |z 0-521-23954-0  |i In: 
952 |j 1981  |h P. 261-270 
996 |a Aufsatz 
997 |a book chapter